Catalog

Record Details

Catalog Search



I'll find you where the timeline ends / Kylie Lee ... Read More

Baker, Kylie Lee,(author., Author, Author).

Available copies

  • 2 of 2 copies available at LARL/NWRL Consortium.
  • 2 of 2 copies available at Lake Agassiz Regional Library. (Show preferred library)

Current holds

0 current holds with 2 total copies.

Show All Copies
Location Call Number / Copy Notes Barcode Shelving Location Status Due Date
Breckenridge Public Library Y BAK (Text) 33500014358246 New Available -
Climax Public Library Y BAK (Text) 33500014358238 New Available -

Record details

  • ISBN: 9781250381989
  • ISBN: 1250381983
  • Physical Description: 296 pages ; 22 cm
  • Edition: First edition.
  • Publisher: New York : Feiwel and Friends, 2025.

Content descriptions

Summary, etc.:
"A magical YA romance about a teen descendant of a ... Read More
"Yang Mina, descended from a Japanese dragon god, ... Read More
Target Audience Note:
Ages 13-18 Feiwel and Friends.
Grades 10-12 Feiwel and Friends.
Subject: Mythology, Japanese > Juvenile fiction.
Time travel > Juvenile fiction.
Missing persons > Juvenile fiction.
Secret societies > Juvenile fiction.
Sisters > Juvenile fiction.
Rogues and vagabonds > Juvenile fiction.
Japanese mythology > Fiction.
Time travel > Fiction.
Missing persons > Fiction.
Romance stories.
Fantasy.
JUVENILE FICTION / General.
Japanese mythology > Juvenile fiction.
Time travel > Juvenile fiction.
Missing persons > Juvenile fiction.
Genre: Young adult fiction.
Time-travel fiction.
Romance fiction.
Fantasy fiction.
Novels.
LDR 04827cam a2200793 i 4500
001471937
003LARL_NWRL_CONSORTIUM
00520260406162533.0
008250620t20252025nyu d 000 f eng
010 . ‡a 2024060111
040 . ‡aDLC ‡beng ‡erda ‡cDLC ‡dBDX ‡dIG# ‡dYDX ‡dOCLCO ‡dTOH ‡dCCPLG ‡dUIU ‡dOCLCO ‡dRNL ‡dOTP ‡dOCLCO ‡dVIA ‡dMWD ‡dYDX
020 . ‡a9781250381989 ‡qhardcover
020 . ‡a1250381983 ‡qhardcover
035 . ‡a(OCoLC)1464590465
042 . ‡apcc
08204. ‡a813/.6 ‡a[Fic] ‡223/eng/20260305
1001 . ‡aBaker, Kylie Lee, ‡eauthor. ‡4aut ‡4http://id.loc.gov/vocabulary/relators/aut ‡1https://id.oclc.org/worldcat/entity/E39PCjtQ9WqvVJr3jxYxGt3XJP ‡1http://id.loc.gov/rwo/agents/no2021120784
24510. ‡aI'll find you where the timeline ends / ‡cKylie Lee Baker.
2463 . ‡aI will find you where the timeline ends
250 . ‡aFirst edition.
264 1. ‡aNew York : ‡bFeiwel and Friends, ‡c2025.
264 4. ‡c©2025
300 . ‡a296 pages ; ‡c22 cm
334 . ‡asingle unit ‡bmono ‡0http://id.loc.gov/vocabulary/issuance/mono
336 . ‡atext ‡btxt ‡2rdacontent ‡0http://id.loc.gov/vocabulary/contentTypes/txt
337 . ‡aunmediated ‡bn ‡2rdamedia ‡0http://id.loc.gov/vocabulary/mediaTypes/n
338 . ‡avolume ‡bnc ‡2rdacarrier ‡0http://id.loc.gov/vocabulary/carriers/nc
385 . ‡mAge group ‡nage ‡aTeenagers ‡2lcdgt ‡0http://id.loc.gov/authorities/demographicTerms/dg2015060011
520 . ‡a"A magical YA romance about a teen descendant of a Japanese dragon god who must find out the truth of what happened to her missing sister while trying not to fall for a handsome rogue agent"-- Provided by publisher.
520 . ‡a"Yang Mina, descended from a Japanese dragon god, was born with the power to travel through time, and has spent her life training to take her place in the Descendants, a secret organization whose purpose is to protect the timeline. But since moving to Seoul, everything is falling apart. Mina has discovered that the Descendants are corrupt, that her sister has been erased from existence, and that she can't pass Calculus, which puts her mission to kiss the cutest boy in her year at risk. With her very existence on the line, Mina decides to tread a dangerous path: team up with a handsome rogue agent named Yejun, who has a plan to free the Descendants from the corrupt influence, and (hopefully) restore Mina's sister. Between class and their time travel dates, Mina can't stop herself from falling for the mysterious Yejun. Yet, as Mina grows closer to Yejun, she also grows closer to discovering the truth, which may be the very thing that breaks her..." -- ‡cProvided by publisher.
521 . ‡aAges 13-18 ‡bFeiwel and Friends.
521 . ‡aGrades 10-12 ‡bFeiwel and Friends.
650 0. ‡aMythology, Japanese ‡vJuvenile fiction.
650 0. ‡aTime travel ‡vJuvenile fiction. ‡0(LARL_NWRL_CONSORTIUM)167733
650 0. ‡aMissing persons ‡vJuvenile fiction. ‡0(LARL_NWRL_CONSORTIUM)173418
650 0. ‡aSecret societies ‡vJuvenile fiction.
650 0. ‡aSisters ‡vJuvenile fiction. ‡0(LARL_NWRL_CONSORTIUM)167228
650 0. ‡aRogues and vagabonds ‡vJuvenile fiction.
650 1. ‡aJapanese mythology ‡vFiction.
650 1. ‡aTime travel ‡vFiction. ‡0(LARL_NWRL_CONSORTIUM)167651
650 1. ‡aMissing persons ‡vFiction. ‡0(LARL_NWRL_CONSORTIUM)165976
650 1. ‡aRomance stories.
650 1. ‡aFantasy. ‡0(LARL_NWRL_CONSORTIUM)19981
650 7. ‡aJUVENILE FICTION / General. ‡2bisacsh
650 7. ‡aJapanese mythology ‡vJuvenile fiction. ‡2sears
650 7. ‡aTime travel ‡vJuvenile fiction. ‡2sears ‡0(LARL_NWRL_CONSORTIUM)167733
650 7. ‡aMissing persons ‡vJuvenile fiction. ‡2sears ‡0(LARL_NWRL_CONSORTIUM)173418
655 0. ‡aYoung adult fiction.
655 7. ‡aTime-travel fiction. ‡2lcgft
655 7. ‡aRomance fiction. ‡2lcgft
655 7. ‡aFantasy fiction. ‡2lcgft
655 7. ‡aNovels. ‡2lcgft
758 . ‡1http://id.loc.gov/resources/instances/24254484
758 . ‡4http://id.loc.gov/ontologies/bibframe/instanceOf ‡1http://id.loc.gov/resources/works/24254484
884 . ‡aDLC bibframe2marc v2.10-dev ‡g20250623 ‡qDLC ‡uhttps://github.com/lcnetdev/bibframe2marc/releases/tag/v2.10-dev
901 . ‡a471937 ‡bOCoLC ‡c471937 ‡tbiblio ‡soclc

Additional Resources